Movies Quiz

Random Movies or Pixar Quiz

Disney Kids Quiz Stats

Quiz Updated Apr 6, 2016

Challenge
Share
Tweet
Score 0/18 Timer 03:00
4 Plays Today
Character % Correct
Dumbo
98.2%
Simba
96.6%
Hercules
92.4%
Lady
90.7%
Mike Wazowski
84.2%
Bolt
84%
Nemo
79.9%
Tarzan
78.2%
Tiana
73.5%
Character % Correct
Rapunzel
72.5%
Merida
70.6%
Mowgli
54.4%
Kuzco
53.6%
Syndrome
47.5%
Carl Fredricksen
46.8%
Prince Phillip
34.9%
Jim Hawkins
14.1%
Aladar
10.3%

You're not logged in!

Compare scores with friends on all Sporcle quizzes.
Sign Up with Email
OR
Log In

You Might Also Like...

Show Comments

Extras

Top Quizzes Today


Score Distribution

Your Account Isn't Verified!

In order to create a playlist on Sporcle, you need to verify the email address you used during registration. Go to your Sporcle Settings to finish the process.